00560 2200205 4500001002100000005001500021035002000036007000300056008003900059020001900098082001000117084001600127100001600143245007200159250001300231260004200244300003000286504002000316990001800336INLIS00000000000117020180210093215 a0010-0218000174ta180210 | | |  a978979139740.7 a649.1 a649.1 UMM m0 aUmmu Haritz1 aMengelola Persaingan Kakak Adik /cUmmu Haritz;Editor,Khalatu Zahya aCet.1.-- aSolo.; :bIndiva Media Kreasi,c2008- a168 hlm. ;c14,4 x 20 cm. aTentang Penulis a447/P/BL/2010